[Event "AUTO-OPEN-2190"]
[Site "http://www.queenalice.com/game.php?id=933116"]
[Date "2011.5.2"]
[Round "2"]
[White "ThiagoNeves"]
[Black "RogerioJJ"]
[Result "1-0"]
[WhiteElo "2347"]
[BlackElo "2156"]

1. e4 e6 2. Nc3 d5 3. Nf3 Nf6 4. exd5 exd5 5. d4 c6 6. Bd3 Qe7+ 7. Be3 Ng4 8.
O-O Nxe3 9. fxe3 Qxe3+ 10. Kh1 Be6 11. Ne5 Qh6 12. Nxf7 Bxf7 13. Qg4 Nd7 14.
Rxf7 1-0

[Event "AUTO-OPEN-2186"]
[Site "http://www.queenalice.com/game.php?id=939123"]
[Date "2011.5.17"]
[Round "3"]
[White "cupoftea"]
[Black "ThiagoNeves"]
[Result "1/2-1/2"]
[WhiteElo "2147"]
[BlackElo "2426"]

1. d4 Nf6 2. c4 e6 3. Nc3 Bb4 4. e3 O-O 5. Bd3 b6 6. Ne2 Bb7 7. O-O d5 8. cxd5
exd5 9. a3 Bd6 10. b4 Nbd7 11. Ng3 Re8 12. b5 a6 13. Qc2 Bf8 14. bxa6 Bxa6 15.
Bxa6 Rxa6 16. a4 Qa8 17. f3 c5 18. Bd2 Rc8 19. Rac1 g6 20. Nge2 Bh6 21. Rcd1 Ra5
22. e4 Bf8 23. Be1 dxe4 24. fxe4 cxd4 25. Nxd4 Rh5 26. Qe2 Bd6 27. h3 Rhc5 28.
Ndb5 Be5 29. Qf3 Rf8 30. Bf2 Rc4 31. Bd4 Qb8 32. Bxe5 Qxe5 33. Rd6 Qc5+ 34. Kh2
Qe5+ 35. Kg1 Qc5+ 36. Kh2 Qe5+ 37. Kg1 1/2-1/2

[Event "AUTO-INT-1893"]
[Site "http://www.queenalice.com/game.php?id=960466"]
[Date "2011.7.14"]
[Round "2"]
[White "ThiagoNeves"]
[Black "kiteflyer"]
[Result "1-0"]
[WhiteElo "2365"]
[BlackElo "1798"]

1. e4 e5 2. Nf3 Nc6 3. d4 exd4 4. Nxd4 Bc5 5. Be3 Qf6 6. c3 Nge7 7. Bc4 Ne5 8.
Be2 Qg6 9. O-O d6 10. f4 Qxe4 11. Bf2 Bxd4 12. cxd4 N5g6 13. Nc3 Qxf4 14. Nb5
O-O 15. Nxc7 Rb8 16. Rc1 a6 17. Rc3 b5 18. Bg3 1-0

[Event "AUTO-INT-1893"]
[Site "http://www.queenalice.com/game.php?id=960467"]
[Date "2011.7.14"]
[Round "2"]
[White "kiteflyer"]
[Black "ThiagoNeves"]
[Result "0-1"]
[WhiteElo "1800"]
[BlackElo "2364"]

1. e4 c5 2. Nf3 d6 3. d4 cxd4 4. Nxd4 Nf6 5. Nc3 g6 6. Be3 Bg7 7. Be2 O-O 8. O-O
Nc6 9. Nb3 Be6 10. f4 Qc8 11. Kh1 Rd8 12. Bg1 d5 13. e5 Ne4 14. Bd3 f6 15. exf6
exf6 16. Nb5 Bg4 17. Qe1 f5 18. a3 Bxb2 19. Ra2 Bf6 20. h3 Bh5 21. Bxe4 dxe4 0-1

[Event "AUTO-INT-1893"]
[Site "http://www.queenalice.com/game.php?id=960468"]
[Date "2011.7.14"]
[Round "2"]
[White "ThiagoNeves"]
[Black "code_5541"]
[Result "1-0"]
[WhiteElo "2358"]
[BlackElo "1604"]

1. e4 e5 2. Nf3 Nc6 3. d4 d6 4. Bc4 h6 5. c3 Nf6 6. dxe5 dxe5 7. Qxd8+ Nxd8 8.
Nxe5 Be6 9. Bb5+ c6 10. Bd3 Bd6 11. Nf3 O-O 12. e5 1-0

[Event "AUTO-INT-1893"]
[Site "http://www.queenalice.com/game.php?id=960469"]
[Date "2011.7.14"]
[Round "2"]
[White "code_5541"]
[Black "ThiagoNeves"]
[Result "0-1"]
[WhiteElo "1616"]
[BlackElo "2368"]

1. e4 g6 2. Nf3 Bg7 3. Nc3 c5 4. Bc4 Nc6 5. d3 d6 6. Be3 e5 7. O-O Nge7 8. Qe2
O-O 9. h3 h6 10. a3 Kh7 11. Nd5 f5 12. Bd2 f4 13. b4 Nd4 14. Nxd4 cxd4 15. c3
Nxd5 16. Bxd5 f3 17. gxf3 Bxh3 0-1

[Event "AUTO-OPEN-2191"]
[Site "http://www.queenalice.com/game.php?id=962685"]
[Date "2011.7.20"]
[Round "2"]
[White "bugiaitoc"]
[Black "ThiagoNeves"]
[Result "0-1"]
[WhiteElo "2241"]
[BlackElo "2419"]

1. e4 d6 2. d4 Nf6 3. Nc3 c6 4. Bd3 e5 5. Nge2 Be7 6. h3 O-O 7. O-O Nbd7 8. Be3
b5 9. Ng3 exd4 10. Bxd4 b4 11. Nce2 c5 12. Be3 Ne5 13. c3 d5 14. Bc2 Nc4 15. Bc1
bxc3 16. bxc3 dxe4 17. Nxe4 Rb8 18. Rb1 Rxb1 19. Bxb1 Bb7 20. Nxf6+ Bxf6 21. Qb3
Na5 22. Qc2 g6 23. Rd1 Qb6 24. Be3 Nc4 25. Bh6 Re8 26. Ng3 Nb2 27. Rd2 Re1+ 28.
Kh2 Qc6 29. f3 Nc4 30. Re2 Na3 31. Qb3 Rxe2 32. Nxe2 Nxb1 33. Qxb1 Qb6 34. Qb3
Ba6 35. Qa4 Bb5 36. Qe4 Qe6 37. Qa8+ Be8 38. Ng3 Bxc3 39. Qxa7 Bd4 40. Ne4 f5
41. Ng3 Qe1 0-1

[Event "AUTO-OPEN-2191"]
[Site "http://www.queenalice.com/game.php?id=962686"]
[Date "2011.7.20"]
[Round "2"]
[White "ThiagoNeves"]
[Black "bugiaitoc"]
[Result "1-0"]
[WhiteElo "2412"]
[BlackElo "2236"]

1. e4 c5 2. Nf3 Nc6 3. d4 cxd4 4. Nxd4 Nf6 5. Nc3 e5 6. Ndb5 d6 7. Na3 Be7 8.
Bg5 Be6 9. Bc4 O-O 10. O-O a6 11. Bb3 b5 12. Bxf6 gxf6 13. Nd5 f5 14. exf5 Bxf5
15. c3 Kh8 16. Nc2 Rg8 17. Nce3 Bg6 18. Bc2 Rb8 19. f4 exf4 20. Nxf4 Qb6 21. Nd5
Qa7 22. Kh1 Bg5 23. Nf5 Ne5 24. Nxd6 Bxc2 25. Qxc2 Qd7 26. Nf6 Bxf6 27. Rxf6 Rg7
28. Raf1 Rbg8 29. Qd2 Qa7 30. Qd4 Qe7 31. Rxf7 Qg5 32. g3 h6 33. R7f5 1-0

[Event "AUTO-INT-1894"]
[Site "http://www.queenalice.com/game.php?id=966516"]
[Date "2011.7.29"]
[Round "2"]
[White "kiteflyer"]
[Black "ThiagoNeves"]
[Result "0-1"]
[WhiteElo "1794"]
[BlackElo "2367"]

1. e4 c5 2. Nf3 d6 3. d4 cxd4 4. Nxd4 Nf6 5. Nc3 g6 6. Be3 Bg7 7. f3 O-O 8. Qd2
Nc6 9. Bc4 Nd7 10. O-O-O Nde5 11. Bb3 Na5 12. Qe2 Bd7 13. h4 h5 14. g4 hxg4 15.
f4 Nxb3+ 0-1

[Event "AUTO-INT-1894"]
[Site "http://www.queenalice.com/game.php?id=966517"]
[Date "2011.7.29"]
[Round "2"]
[White "ThiagoNeves"]
[Black "kiteflyer"]
[Result "1-0"]
[WhiteElo "2366"]
[BlackElo "1796"]

1. e4 e5 2. Nf3 Nc6 3. d4 exd4 4. Nxd4 Bc5 5. Be3 Qf6 6. c3 Nge7 7. Bc4 Ne5 8.
Be2 Qg6 9. O-O d6 10. f4 Qxe4 11. Bf2 Bxd4 12. cxd4 N5g6 13. Nc3 Qxf4 14. Nb5
O-O 15. Nxc7 Rb8 16. Rc1 a6 17. Rc3 1-0

[Event "AUTO-INT-1894"]
[Site "http://www.queenalice.com/game.php?id=966520"]
[Date "2011.7.29"]
[Round "2"]
[White "ThiagoNeves"]
[Black "Markan"]
[Result "1-0"]
[WhiteElo "2411"]
[BlackElo "1826"]

1. e4 e5 2. Nf3 d6 3. d4 Be7 4. dxe5 dxe5 5. Qxd8+ Bxd8 6. Nxe5 Bf6 7. Nf3 Nc6
8. Be2 Nge7 9. c3 O-O 10. O-O h6 11. Bf4 b6 12. Bxc7 Bg4 13. Bg3 Bxf3 14. Bxf3
Ne5 15. Be2 N7c6 16. Na3 Rfd8 17. Rad1 Re8 18. f4 Ng6 19. e5 Ngxe5 20. fxe5 Nxe5
21. Nb5 Rec8 22. Nd6 Rd8 23. Ne4 Rxd1 24. Nxf6+ gxf6 25. Bxd1 Nd3 26. Rxf6 Rd8
27. Bb3 Rd7 28. Rxh6 Nxb2 29. Be5 1-0

[Event "AUTO-INT-1894"]
[Site "http://www.queenalice.com/game.php?id=966521"]
[Date "2011.7.29"]
[Round "2"]
[White "Markan"]
[Black "ThiagoNeves"]
[Result "0-1"]
[WhiteElo "1822"]
[BlackElo "2407"]

1. d4 Nf6 2. Nc3 d5 3. e3 g6 4. b3 Bg7 5. Bd3 O-O 6. Nf3 a6 7. Ba3 Re8 8. O-O
Nbd7 9. h3 e5 10. dxe5 Nxe5 11. Nxe5 Rxe5 12. Bb2 Re8 13. a4 Ne4 14. Bxe4 dxe4
15. Qxd8 Rxd8 16. Rab1 f5 17. f3 exf3 18. Rxf3 b6 19. e4 Bb7 20. Rf4 Bh6 21. Rh4
Bg5 0-1

[Event "AUTO-OPEN-2185"]
[Site "http://www.queenalice.com/game.php?id=970054"]
[Date "2011.8.8"]
[Round "3"]
[White "ThiagoNeves"]
[Black "bassoandre"]
[Result "1-0"]
[WhiteElo "2379"]
[BlackElo "1956"]

1. e4 c6 2. Nc3 d5 3. Nf3 dxe4 4. Nxe4 Nf6 5. Ng3 g6 6. Bc4 Bg7 7. h3 Qb6 8. O-O
O-O 9. d4 Nd5 10. c3 Be6 11. Qe2 Qc7 12. Re1 h6 13. Bd3 Nf4 14. Bxf4 Qd7 15. Ne5
Qc8 16. Nxg6 fxg6 17. Bxb8 Rxb8 18. Qxe6+ 1-0

[Event "AUTO-OPEN-2185"]
[Site "http://www.queenalice.com/game.php?id=970055"]
[Date "2011.8.8"]
[Round "3"]
[White "bassoandre"]
[Black "ThiagoNeves"]
[Result "0-1"]
[WhiteElo "1955"]
[BlackElo "2382"]

1. e4 d6 2. d4 Nf6 3. Nd2 e5 4. c3 Nbd7 5. Ngf3 Be7 6. Bc4 h6 7. O-O c6 8. Re1
Qc7 9. Qb3 O-O 10. Nf1 b5 11. Bd3 a6 12. Bd2 Rb8 13. Ng3 c5 14. dxc5 dxc5 15.
Qc2 c4 16. Bf1 Rd8 17. Rad1 Nc5 18. h3 Bb7 19. Kh2 Rd3 20. Bxd3 cxd3 21. Qb1
Ncxe4 22. Nxe4 Nxe4 23. Be3 Nc5 24. Bxc5 e4+ 25. g3 Bxc5 26. Nd4 b4 27. Qa1 Bd5
28. Rd2 Be7 29. f3 Bg5 30. Rdd1 bxc3 31. bxc3 d2 32. Re2 e3 33. f4 Bxf4 34. gxf4
Qxf4+ 35. Kg1 Qg3+ 36. Kf1 Bc4 37. Rb1 Qf2# 0-1

[Event "AUTO-INT-1893"]
[Site "http://www.queenalice.com/game.php?id=981923"]
[Date "2011.9.6"]
[Round "3"]
[White "ThiagoNeves"]
[Black "vcc1982"]
[Result "1-0"]
[WhiteElo "2392"]
[BlackElo "2269"]

1. d4 Nf6 2. Nf3 d5 3. e3 g6 4. Be2 Bg7 5. O-O O-O 6. b3 b6 7. Bb2 Bb7 8. c4 e6
9. Nbd2 c5 10. Rc1 Nbd7 11. Ne5 Ne4 12. cxd5 exd5 13. f4 Nxd2 14. Qxd2 Rc8 15.
Bg4 f5 16. Bf3 Nf6 17. Ba3 Ne4 18. Bxe4 dxe4 19. Rfd1 Re8 20. dxc5 Qxd2 21. Rxd2
Bxe5 22. fxe5 Rxe5 23. Rd7 Bd5 24. Rxa7 bxc5 25. Bb2 Ree8 26. Rg7+ Kf8 27. Rxh7
Ra8 28. Rxc5 Bg8 29. Rh6 Rxa2 30. Bd4 Ra6 31. b4 Rb8 32. Rc7 1-0

[Event "AUTO-INT-1893"]
[Site "http://www.queenalice.com/game.php?id=981924"]
[Date "2011.9.6"]
[Round "3"]
[White "vcc1982"]
[Black "ThiagoNeves"]
[Result "0-1"]
[WhiteElo "2278"]
[BlackElo "2383"]

1. e4 d6 2. d4 Nf6 3. Nc3 c6 4. Bd3 e5 5. Nge2 Be7 6. f3 O-O 7. Be3 Nbd7 8. Qd2
b5 9. dxe5 dxe5 10. Ng3 Nc5 11. O-O Be6 12. Rad1 b4 13. Nce2 Qc7 14. Nc1 Rfd8
15. Qf2 Na4 16. b3 Nb2 17. Rde1 g6 18. Kh1 h5 19. f4 Ng4 20. Qf3 Nxe3 21. Qxe3
exf4 22. Qxf4 Qxf4 23. Rxf4 Bg5 24. Rff1 h4 25. Nge2 Bd2 26. Ng1 Bxe1 27. Rxe1
c5 28. Nf3 c4 29. bxc4 Rac8 30. Nxh4 Bxc4 0-1

[Event "AUTO-OPEN-2190"]
[Site "http://www.queenalice.com/game.php?id=1001684"]
[Date "2011.10.26"]
[Round "3"]
[White "ThiagoNeves"]
[Black "Pato"]
[Result "1-0"]
[WhiteElo "2423"]
[BlackElo "2163"]

1. e4 e5 2. Nc3 Nf6 3. f4 d5 4. fxe5 Nxe4 5. Nf3 Bc5 6. d4 Bb4 7. a3 Nxc3 8. Qd2
Ba5 9. bxc3 c5 10. Bb5+ Nc6 11. dxc5 O-O 12. O-O Bg4 13. Qe3 Bxf3 14. gxf3 Rc8
15. Rb1 d4 16. cxd4 Qxd4 17. Bxc6 Qxe3+ 18. Bxe3 Rxc6 19. Rxb7 Re8 20. f4 f6 21.
Bd4 1-0

[Event "AUTO-OPEN-2190"]
[Site "http://www.queenalice.com/game.php?id=1001685"]
[Date "2011.10.26"]
[Round "3"]
[White "Pato"]
[Black "ThiagoNeves"]
[Result "0-1"]
[WhiteElo "2182"]
[BlackElo "2416"]

1. e4 d5 2. exd5 Qxd5 3. Nc3 Qd6 4. Nf3 Nf6 5. d4 a6 6. Be2 b5 7. Bg5 Bb7 8. O-O
Nbd7 9. Re1 e6 10. Qd2 b4 11. Nd1 Ne4 12. Qf4 c5 13. dxc5 Qxc5 14. Ne3 h6 15.
Bh4 g5 16. Qg4 h5 17. Qh3 gxh4 18. Nxh4 Ndf6 19. Bf3 Ng5 20. Qg3 Bd6 0-1